| 000 | 00000nam##2200000za#4500 |
| 001 | 9.639456 |
| 003 | CaOODSP |
| 005 | 20240209132626 |
| 007 | cr ||||||||||| |
| 008 | 150407|1999||||xxc|||||o f|0| 0 fre|d |
| 040 | |aCaOODSP|bfre |
| 043 | |an-cn--- |
| 086 | 1 |aC89-4/77-1999F-PDF |
| 110 | 2 |aAgence de promotion économique du Canada atlantique. |
| 245 | 10|aL'héritage du VIIIe Sommet de la Francophonie |h[ressource électronique] |
| 260 | |bAgence de promotion économique du Canada atlantique |c[1999]. |
| 300 | |a11p. |
| 590 | |a11-30-Supp|b2011-12-02 |
| 691 | 07|aFrancophonie|2gcpds |
| 691 | 07|aDéveloppement économique|2gcpds |
| 775 | 08|tVIIIe Sommet de la Francophonie : |w(CaOODSP)9.695310 |
| 776 | 0#|tL'héritage du VIII sommet de la Francophonie |w(CaOODSP)9.681237 |
| 856 | 40|ahttp://publications.gc.ca|qPDF|s65 Ko|uhttps://publications.gc.ca/collections/Collection/C89-4-77-1999F.pdf |